| 000 | 00909nas a2200313 4500 | ||
|---|---|---|---|
| 001 | BR9702940 | ||
| 003 | BR-BrBNA | ||
| 005 | 20231205100237.0 | ||
| 007 | ta | ||
| 008 | 230509b bl.|||p| |||| 00| 00por d | ||
| 040 |
_aBR-BrBNA _bpor _cBiblioteca Nacional de Agricultura |
||
| 041 | _a(Pt) | ||
| 072 | _aL72 | ||
| 100 | 1 | _aMoreira, W.S. | |
| 100 | 1 | _aSantos, A.F. dos | |
| 100 | 1 | _aUlon, S.N. | |
| 100 | 1 | _aGrunspan, E.D. | |
| 100 | 1 | _aMoreira, T.L. | |
| 245 | 1 | _aEmprego da solucao salina de cloreto de sodio em visceras infectadas com cisto hidatico visando a alimentacao de caes | |
| 650 | _aCao | ||
| 650 | _aHelminto | ||
| 650 | _aCisto | ||
| 650 | _aInfeccao | ||
| 650 | _aViscera | ||
| 650 | _aLaboratorio | ||
| 773 | 0 |
_tCiencia Rural (Brazil) _xISSN 0103-8478 _g(Sep-Dec 1996), v. 26(3) p. 441-445 _wBR9702940 |
|
| 909 |
_a202311 _bLúcia _c55 _dLúcia Elande |
||
| 942 |
_2AGRIS _n0 _cANA |
||
| 999 |
_c154918 _d154918 |
||